000 00625nam a2200193Ia 4500
008 151119s9999||||xx |||||||||||||| ||und||
082 _a891.462गवान/वस्रह
082 _bGKKV19793
100 _aगवाणकर गंगाराम
245 _aवस्त्रहरण
260 _aमुंबई
260 _bहरी नारायण आपटे
260 _c2001
600 _aगवाणकर गंगाराम
630 _aवस्त्रहरण
700 _aगवाणकर गंगाराम
730 _aवस्त्रहरण
942 _cBOOK
999 _c1072710
_d1072707